000
00303nam a2200121Ia 4500
008
190216s9999||||xx |||||||||||||| ||und||
100
_a
Claud S George
245
0
_a
Management For Business And Industry
260
_b
Allied Publishers Limited
_c
1977
300
_a
742p
650
_a
Commerce
942
_c
BK
999
_c
4040
_d
4040